Future of town centres depends on state of independents (Record no. 84338)
[ view plain ]
| 000 -LEADER | |
|---|---|
| fixed length control field | 01008cab a22001935a 4500 |
| 001 - CONTROL NUMBER | |
| control field | L157342 |
| 008 - FIXED-LENGTH DATA ELEMENTS--GENERAL INFORMATION | |
| fixed length control field | 121029e2012 xxk 000 0 eng d |
| 035 ## - SYSTEM CONTROL NUMBER | |
| System control number | (Sirsi) u157342 |
| 041 0# - LANGUAGE CODE | |
| Language code of text/sound track or separate title | eng |
| 100 1# - MAIN ENTRY--PERSONAL NAME | |
| Personal name | Hopkinson, Matthew |
| 245 00 - TITLE STATEMENT | |
| Title | Future of town centres depends on state of independents |
| 260 ## - PUBLICATION, DISTRIBUTION, ETC. | |
| Date of publication, distribution, etc. | 2012 |
| 490 #0 - SERIES STATEMENT | |
| Series statement | Property Week |
| Volume/sequential designation | 78(42) 19 October 2012, 38-39(2) |
| 520 ## - SUMMARY, ETC. | |
| Summary, etc. | Recent monitoring of the top 500 town centres by the Local Data Company shows multiple closures in the first half of 2012 accelerating sixfold from the end of 2011. The growth of independents has slowed from 2.4% at the end of 2011 to just 0.8% in H1 2012. The national shop vacancy rate has increased to 14.6% which however disguises some significant regional differences. Comparison goods retailers have been hardest hit. Town centres are fundamentally changing both in terms of occupancy mix and quality. |
| 590 ## - LOCAL NOTE (RLIN) | |
| Local note | KA |
| 651 #4 - SUBJECT ADDED ENTRY--GEOGRAPHIC NAME | |
| Geographic name | United Kingdom |
| 690 ## - LOCAL SUBJECT ADDED ENTRY--TOPICAL TERM (OCLC, RLIN) | |
| Topical term or geographic name as entry element | Commercial property |
| 9 (RLIN) | 6227 |
| 942 ## - ADDED ENTRY ELEMENTS (KOHA) | |
| Suppress in OPAC | 0 |
| Withdrawn status | Lost status | Source of classification or shelving scheme | Damaged status | Not for loan | Home library | Current library | Shelving location | Date acquired | Total Checkouts | Full call number | Barcode | Date last seen | Copy number | Price effective from | Koha item type |
|---|---|---|---|---|---|---|---|---|---|---|---|---|---|---|---|
| Dewey Decimal Classification | London | London | Journal article | 29/10/2012 | L157342 | 157342-1001 | 06/08/2019 | 1 | 06/08/2019 | Journal article |